Città con gli Edifici più alti - Canada - Statistics

Statistiche generali
  • Questo quiz è stato fatto 15 volte
  • Il punteggio medio è 9 su 10
Statistiche sulle risposte
Edificio Altezza (m) Città % Corretto
First Canadian Place 298,1 Toronto
100%
St. Regis Toronto 276,9 Toronto
100%
Scotia Plaza 275 Toronto
100%
Aura 271,9 Toronto
100%
Brookfield Place 260,9 Toronto
100%
One Bloor 257,3 Toronto
100%
Commerce Court 239 Toronto
100%
CIBC Square 237,8 Toronto
100%
Stantec Tower 250,8 Edmonton
58%
Brookfield Place 247 Calgary
42%
Nessun quiz corrispondente trovato
Distribuzione punteggi
Percentuale di utenti per punteggio
Percentile per numero di risposta
I tuoi punteggi nel tempo
Non hai fatto questo quiz